00686nam a2200169 a 450000100100000000500170001000800410002704000250006810000440009324500610013726000330019830000260023159000630025765100290032095201500034999900170049900003512020200930074122.0111025s1958 uy 000 0 spa d aDO-SdBNPbspacBNPHU1 aBonavita, Luis Pedro,d1903-197196079710aCrónica general de la nación /cLuis Pedro Bonavita. aMontevideo :b[s.l.],c1958. a177, [5] p. ;c20 cm. aPerteneció a la biblioteca Juan Isidro Jimenes Grullón 4aUruguayxHistoria916314 0010507-18MOaGRbGRcOId2011-10-25iLF1l0o p35120-10r2020-06-25w2020-06-25y1zBiblioteca Juan Isidro Jiménes GrullónZNo se presta c34611d34611